书目信息 |
| 题名: |
西安事变史实
|
|
| 作者: | 李云峰 编 | |
| 分册: | ||
| 出版信息: | 西安 陕西人民出版社 1981 |
|
| 页数: | 389页 | |
| 开本: | 21cm | |
| 丛书名: | ||
| 单 册: | ||
| 中图分类: | K264.8 | |
| 科图分类: | ||
| 主题词: | 中国--历史 | |
| 电子资源: | ||
| ISBN: | ||
| 000 | 00605nam0 2200229 45 | |
| 001 | 0181009935 | |
| 005 | 20060819172817.35 | |
| 010 | @dCNY0.91 | |
| 091 | @a11094.49 | |
| 100 | @a19950313d1981 em y0chiy0121 ea | |
| 101 | 0 | @achi |
| 102 | @aCN@b610000 | |
| 105 | @ay z 000yy | |
| 200 | 10 | @a西安事变史实@Axi an shi bian shi shi@f李云峰编@Fli yun feng bian |
| 210 | @a西安@c陕西人民出版社@d1981 | |
| 215 | @a389页@d21cm | |
| 606 | 0 | @a中国@x历史 |
| 690 | @aK264.8@v3 | |
| 701 | 0 | @a李云峰@Ali yun feng@4编 |
| 801 | 2 | @aCN@bNLC@c20060819 |
| 801 | 0 | @aCN@b上海图书馆@c20060813 |
| 905 | @dK264.8@e11 | |
| 西安事变史实/李云峰编.-西安:陕西人民出版社,1981 |
| 389页;21cm |
| ISBN :CNY0.91 |
| ● |
| 相关链接 |
|
|
|
|
正题名:西安事变史实
索取号:K264.8/11
 
预约/预借
| 序号 | 登录号 | 条形码 | 馆藏地/架位号 | 状态 | 备注 |
| 1 | 0075669 | 001295057 | 第二借阅区/ [索取号:K264.8/11] | 在馆 | |
| 2 | 0075670 | 001592814 | 密集书库/ [索取号:K264.8/11] | 在馆 | |
| 3 | 0075671 | 202287818 | 密集书库/ [索取号:K264.8/11] | 在馆 | |
| 4 | 0075672 | 001592976 | 密集书库/ [索取号:K264.8/11] | 在馆 | |
| 5 | 0075673 | 000353236 | 第二样本阅览室/ [索取号:K264.8/11] | 在馆 | |
| 6 | 0456265 | 204562650 | 密集书库/ [索取号:K264.8/11] | 在馆 | |
| 7 | 0456266 | 204562669 | 密集书库/ [索取号:K264.8/11] | 在馆 | |
| 8 | 0456267 | 204562678 | 密集书库/ [索取号:K264.8/11] | 在馆 | |
| 9 | 0471182 | 204711829 | 密集书库/ [索取号:K264.8/11] | 在馆 |